1425 1738 1963 1371 1551 1953 1618 1600 1295 1215 1943 1472 1811 1910 1441 1903 1075 1620 1788 1123 1284 1859 1609 1652 1401 1543 1071 1998 1653 1812 1120 1961 1355 1234 1572 1482 1433 1758 1800 1945 1277 1544 1503 1230 1450 1250 1757 1766 1792 1255 1358 1219 1078 1832 1386 1078 1264 1011 1164 1923 1284 1184 1384 1153 1952 1540 1146 1099 1737 1102 1708 1787 1804 1739 1040 1583 1835 1365 1718 1396 1928 1979 1695 1298 1009 1554 1582 1689 1138 1354 1089 1503 1705 1143 1387 1092 1475 1389 1148 BCNSPRNW ULIB Ver.6.0+V

เปลี่ยนเป็นภาษาไทย

Change to English
 แสดงรายละเอียดบรรณานุกรม
  กลับหน้าหลัก

Brief Record : Get Marc (ISO 2709) : E-mail record : QR code < ปิดหน้าต่าง
LEADER : 00000nam 2200000uu 4500
001    13399111604
003     ULIB
008    110627s||||||||th 000 0 tha d
020    9786167081366
090    นว.^bi111ท 2553
100 0  irgendwann im november
245 00 ทะเลรักลวงใจ/^cirgendwann im november
250    พิมพ์ครั้งที่ 1
260    กรุงเทพฯ :^bสมาร์ทบุ๊ค,^c2553
300    416 หน้า
945    ^p260^l0^i028908
945    ^p260^l0^i028072
995    ทศพร
999 ^a ใช้งานได้ทุกระบบ
รายการนี้ยังไม่มีแท็ก
คุณยังไม่ได้ล็อกอิน คุณสามารถมีกิจกรรมร่วมกับเว็บไซต์ได้ แต่ต้องล็อกอินก่อน ::
  ล็อกอิน

รายการสื่อสารสนเทศ

ลำดับที่ ประเภท เลขเรียก/บาร์โค้ด สถานที่ สถานะ
1. นวนิยาย
นวนิยาย
นว. i111ท 2553 ฉ.1 
  Barcode: 028072
ห้องสมุดวิทยาเขตสวรรค์ประชารักษ์
►นวนิยาย
บนชั้น
  ขอยืม
2. นวนิยาย
นวนิยาย
นว. i111ท 2553 ฉ.2 
  Barcode: 028908
ห้องสมุดวิทยาเขตสวรรค์ประชารักษ์
►นวนิยาย
บนชั้น
  ขอยืม

BibComment


ยังไม่เคยถูกคอมเมนท์

คอมเมนท์ทรัพยากรรายการนี้
  คอมเมนท์: ทะเลรักลวงใจ irge..


 Copyright 2026. Bcnsprnw @Library